| 000 | 00000nam##2200000za#4500 |
| 001 | 9.663060 |
| 003 | CaOODSP |
| 005 | 20200401064524 |
| 007 | ta |
| 008 | 150407|2000||||xxc||||| f|0| 0 fre|d |
| 020 | |a0-662-65964-3 |
| 040 | |aCaOODSP|bfre |
| 041 | |aeng |
| 041 | |afre |
| 043 | |an-cn--- |
| 086 | 1 |aE2-411/2000 |
| 110 | 1 |aCanada.|bAffaires étrangères et Commerce international. |bCentre canadien pour le développement de la politique étrangère. |
| 245 | 10|aL'engagement du Canada envers la paix mondiale : |boptions politiques du CCDPE / |cPréparé par le Groupe des 78. |
| 260 | |aOttawa - Ontario : |bAffaires étrangères et Commerce international. |c2000. |
| 300 | |a58p. : |bréférences ; |c28 cm. |
| 563 | |aCouverture souple |
| 590 | |a02-34|b2002-08-23 |
| 691 | 07|aLimitation des armements|2gcpds |
| 691 | 07|aMaintien de la paix|2gcpds |
| 691 | 07|aPolitique étrangère|2gcpds |
| 691 | 07|aRésolution de conflit|2gcpds |
| 776 | 0#|tL'engagement du Canada envers la paix mondiale : |w(CaOODSP)9.630725 |
| 776 | 0#|tCanada's commitment to world peace : |w(CaOODSP)9.686234 |
| 791 | |tCanada's commitment to world peace : |eeng|w(CaOODSP)9.663059 |
| 986 | |a6002.F |